000 00305nam a22001337a 4500
008 181101b xxu||||| |||| 00| 0 eng d
020 _a9780781785907
041 _aeng
080 _212th
_a610.73
100 _a2
101 _aINF
245 _aMedical-Surgical Nursing
_cSmeltzer,S.C
942 _2udc
_cBK
999 _c51402
_d51402